00394nam a2200133Ia 450000500170000000800410001702000160005808200130007410000210008724500430010826000400015130000140019150000550020520250701154944.0240331s9999 xx 000 0 und d a95520575301 bPODa398 aPodiappuhami,K.D 0aRajaratin gilihee yana jana jeewithaya aColombobS. Godage & Brothersc2001 a160 p ., aThe lives of the people being lost to the monarchy